<The> Use of Penalty Functions in Logistics
3 simulačné modely (model produkcie, zásobovania a predaja), prepojené s funkciou penalizácie a porovanie ich výsledkov. Potenciál funkcií pokút pri riešení otázok modernej Teórie komplexity.
Na minha lista:
| Autor principal: | |
|---|---|
| Outros Autores: | , |
| Formato: | Capítulo de Livro |
| Idioma: | inglês |
| Assuntos: | |
| Tags: |
Sem tags, seja o primeiro a adicionar uma tag!
|
MARC
| LEADER | 00000nla a2200000 4500 | ||
|---|---|---|---|
| 001 | 0191913 | ||
| 005 | 20240502083444.1 | ||
| 041 | 0 | |a eng | |
| 044 | |a HR | ||
| 245 | 1 | 0 | |a <The> Use of Penalty Functions in Logistics |c Jozef Gajdoš, Ľuboš Socha, Bohuslava Mihalčová |
| 520 | |a 3 simulačné modely (model produkcie, zásobovania a predaja), prepojené s funkciou penalizácie a porovanie ich výsledkov. Potenciál funkcií pokút pri riešení otázok modernej Teórie komplexity. | ||
| 610 | 2 | 0 | |a penále |
| 610 | 2 | 0 | |a logistika |
| 610 | 2 | 0 | |a funkcie matematické |
| 610 | 2 | 0 | |a modely simulačné |
| 610 | 2 | 0 | |a modely zásob |
| 610 | 2 | 0 | |a produkcia |
| 610 | 2 | 0 | |a predaj |
| 610 | 2 | 0 | |a funkcie nákladové |
| 100 | 1 | |a Gajdoš, Jozef, 1962-2025 | |
| 700 | 1 | |a Socha, Luboš | |
| 700 | 1 | |a Mihalčová, Bohuslava, 1963- | |